Word Ladder: Wedding Prequel? Quiz Stats

 Plays Quiz Updated Jun 20, 2018

Score 0/12 Timer 01:00
3 Plays Today
Clue 4-Letter Word % Correct
The absence of heatCOLD
99.1%
Devoid of hairBALD
96.3%
Fearless before dangerBOLD
91%
Avian animalBIRD
84.6%
Animal flesh considered as foodMEAT
82%
To become acquainted with someoneMEET
80.9%
Medieval male singerBARD
80.5%
To fixMEND
76%
To secure with ropesBIND
75.3%
Intangible element of the brainMIND
70.9%
Units of measurement in the U.S.FEET
70.7%
A fermented beverage made of water and honey, malt, and yeastMEAD
69.3%

Today's Daily Dose

You're not logged in!

Compare scores with friends on all Sporcle quizzes.
OR
Log In

You Might Also Like...

Show Comments

Extras

Top Quizzes Today


Score Distribution

Your Account Isn't Verified!

In order to create a playlist on Sporcle, you need to verify the email address you used during registration. Go to your Sporcle Settings to finish the process.

Report this User

Report this user for behavior that violates our Community Guidelines.

Details: